Cola-Marken - Statistiken

Allgemein
  • Dieses Quiz wurde 266 mal gespielt
  • Das Durchschnittsergebnis liegt bei 4 aus 10
Antwortstatistiken
Rang Marke % Korrekt
1. Coca-Cola
98%
2. Pepsi
88%
3. Fritz-Kola
59%
5. Afri-Cola
53%
6. Freeway
33%
9. Dr Pepper
29%
4. Sinalco
26%
8. Vita Cola
21%
7. Red Bull
16%
10. Deit
3%
Keine übereinstimmenden Quizze gefunden
Verteilung der Resultate
Anzahl Personen mit jedem Resultat
Perzentil nach korrekt beantworteten Fragen
Ihre Resultats-Entwicklung
Sie haben dieses Quiz noch nicht gespielt